00290nam a22001097a 4500003000400000020001800004082001900022100003900041245004100080260005100121300000800172SGT a9789355625359 a891.4309bN24B aवाजपयी, सुमन  a द नागा स्टोरी bप्रभात प्रकाशनc2024 a183